书目信息 |
| 题名: |
陈献章评传
|
|
| 作者: | 黄明同 著 | |
| 分册: | ||
| 出版信息: | 南京 南京大学出版社 2011.4 |
|
| 页数: | 358页 | |
| 开本: | 23cm | |
| 丛书名: | 中国思想家评传丛书 | |
| 单 册: | ||
| 中图分类: | B248.15 | |
| 科图分类: | ||
| 主题词: | ||
| 电子资源: | ||
| ISBN: | 978-7-305-05935-3 | |
| 000 | 00917oam2 2200265 45 | |
| 001 | 515 | |
| 005 | 20120531145825.26 | |
| 010 | @a978-7-305-05935-3@dCNY47.00 | |
| 100 | @a20120328d2011 em y0chiy50 ea | |
| 101 | 0 | @achi@deng@eeng |
| 102 | @aCN@b320000 | |
| 105 | @ay z 001yb | |
| 106 | @ar | |
| 200 | 1 | @a陈献章评传@AChen Xian Zhang Ping Chuan@f黄明同著@FHuang Ming Tong Zhu |
| 210 | @a南京@c南京大学出版社@d2011.4 | |
| 215 | @a358页@d23cm | |
| 225 | 2 | @a中国思想家评传丛书@e典藏版 |
| 330 | @a本书在扼要考辨陈献章治学和人生道路的基础上,详细分析了陈氏“以道为本”且又“道通于物”本体论主张,同时分析了他的心学理论、入世进取与自然超脱的理想人格等。 | |
| 461 | 0 | @12001 @a中国思想家评传丛书 |
| 600 | 0 | @a陈献章@f(1428-1500)@x评传 |
| 600 | 0 | @a陈献章@f(1428-1500) |
| 690 | @aB248.15@v4 | |
| 701 | 0 | @a黄明同@AHuang Ming Tong@4著 |
| 801 | 0 | @aCN@bTSTCL@c20120328 |
| 905 | @b0810675-79@dB248.15@e28@f5 | |
| 陈献章评传/黄明同著.-南京:南京大学出版社,2011.4 |
| 358页;23cm.-(中国思想家评传丛书:典藏版) |
| ISBN 978-7-305-05935-3:CNY47.00 |
| 本书在扼要考辨陈献章治学和人生道路的基础上,详细分析了陈氏“以道为本”且又“道通于物”本体论主张,同时分析了他的心学理论、入世进取与自然超脱的理想人格等。 |
| ● |
| 相关链接 |
|
|
|
|
正题名:陈献章评传
索取号:B248.15/28
 
预约/预借
| 序号 | 登录号 | 条形码 | 馆藏地/架位号 | 状态 | 备注 |
| 1 | 0810675 | 208106752 | 第一样本阅览室/ [索取号:B248.15/28] | 在馆 | |
| 2 | 0810676 | 208106761 | 第一借阅区/ [索取号:B248.15/28] | 在馆 | |
| 3 | 0810677 | 208106770 | 第一借阅区/ [索取号:B248.15/28] | 在馆 | |
| 4 | 0810678 | 208106789 | 第一借阅区/ [索取号:B248.15/28] | 在馆 | |
| 5 | 0810679 | 208106798 | 第一借阅区/ [索取号:B248.15/28] | 在馆 |